000
00310nam a2200145Ia 4500
100
_a
Sharma.P.C
942
_c
BK
366
_f
15
654
_a
Production technology
245
_a
Production technology
260
_b
S.Chand & C0
_a
NewDelhi
_c
2003
082
_a
671/SHA
300
_a
739
546
_a
ENGLISH
999
_c
17772
_d
17772